000 00573nam a2200217 a 4500
001 BRL_986
005 20190320211001.0
008 301013s1959----mx-#######---#000-1#spa-#
041 _aspa
044 _amx
050 4 _aPQ7297
_b.L48 51 1959
100 1 _aYáñez, Agustín
_925503
245 1 0 _aLa creación
_bpor Agustín Yáñez.
260 _aMéxico
_bFondo de Cultura Económica
_c1959
300 _a309 p.
_c18 cm.
440 0 _aLetras mexicanas
_v51
_925504
500 _aAu1090
650 1 4 _anovela mexicana
_ySiglo XX
_923904
902 _aGRL
942 _2lcc
_cB
999 _c9798
_d9798